|
|
|
|
| LEADER |
00837naa a2200181 i 4500 |
| 001 |
acta60576 |
| 005 |
20260224081030.0 |
| 008 |
190822s2009 hu o 100 hun d |
| 040 |
|
|
|a SZTE Egyetemi Kiadványok Repozitórium
|b hun
|
| 041 |
|
|
|a hun
|
| 100 |
1 |
|
|a Kinyó László
|
| 245 |
1 |
2 |
|a A magyarországi történelem és társadalomismeret tudásszintmérések, teljesítményvizsgálatok metaelemzése
|h [elektronikus dokumentum] /
|c Kinyó László
|
| 260 |
|
|
|c 2009
|
| 300 |
|
|
|a 91
|
| 490 |
0 |
|
|a Pedagógiai Értékelési Konferencia
|v 7
|
| 695 |
|
|
|a Tudásszintmérés - történelem tanítása - előadáskivonat, Tudásszintmérés - társadalomismeret tanítása - előadáskivonat
|
| 710 |
|
|
|a Pedagógiai Értékelési Konferencia (7.) (2009) (Szeged)
|
| 856 |
4 |
0 |
|u http://acta.bibl.u-szeged.hu/60576/1/pek_2009_091.pdf
|z Dokumentum-elérés
|